SOLUTIONS AS PER MARKING SCHEME SOCIAL SCIENCE (Record no. 938)
[ view plain ]
| 000 -LEADER | |
|---|---|
| fixed length control field | 00355nam a22001337a 4500 |
| 020 ## - INTERNATIONAL STANDARD BOOK NUMBER | |
| ISBN | 978-81-8481-315-9 |
| 082 ## - DEWEY DECIMAL CLASSIFICATION NUMBER | |
| Classification number | 300 |
| Item number | OSW/S |
| 100 ## - MAIN ENTRY--AUTHOR NAME | |
| Personal name | OSWAAL BOOKS |
| 245 ## - TITLE STATEMENT | |
| Title | SOLUTIONS AS PER MARKING SCHEME SOCIAL SCIENCE |
| Remainder of title | CLASS IX |
| 260 ## - PUBLICATION, DISTRIBUTION, ETC. (IMPRINT) | |
| Place of publication | AGRA |
| Name of publisher | OSWAAL BOOKS |
| 300 ## - PHYSICAL DESCRIPTION | |
| Number of Pages | 120 |
| 650 ## - SUBJECT ADDED ENTRY--TOPICAL TERM | |
| Topical Term | QUESTION BANK WITH SOLUTIONS SOCIAL SCIENCE |
| Geographic subdivision | INDIA |
| 942 ## - ADDED ENTRY ELEMENTS (KOHA) | |
| Koha item type | Books |
| Withdrawn status | Lost status | Collection code | Home library | Current library | Shelving location | Date acquired | Source of acquisition | Cost, normal purchase price | Full call number | Accession Number | Koha item type |
|---|---|---|---|---|---|---|---|---|---|---|---|
| Reference | Main Library | Main Library | SHELF 7D CLASS IX SOCIAL SCIENCE&INFORMATIC PRACTICE | 09/05/2011 | purchase | 129.00 | 300 OSW/S | 05789 | Books | ||
| Reference | Main Library | Main Library | SHELF 7D CLASS IX SOCIAL SCIENCE&INFORMATIC PRACTICE | 09/05/2011 | purchase | 129.00 | 300 OSW/S | 05788 | Books | ||
| Reference | Main Library | Main Library | SHELF 7D CLASS IX SOCIAL SCIENCE&INFORMATIC PRACTICE | 23/10/2017 | purchase | 139.00 | 300 OSW/S | 10047 | Books | ||
| Reference | Main Library | Main Library | SHELF 7D CLASS IX SOCIAL SCIENCE&INFORMATIC PRACTICE | 08/11/2016 | purchase | 239.00 | 300 OSW/S | 09886 | Books |